000 00970cab a2200193 4500
001 WB2413-22
008 090401t1988 xxu||||| |||| 00| 0 eng d
035 _a(Sirsi) u68206
041 _aeng
245 _aPremium to protected tenant
260 _c1988
350 _a0
490 _aTimes
_v24/3/88, p19
520 _aIn Saleh v Robinson , CA 23 February 1988, it was held that a requirement that a person pay a premium to a protected tenant prior to the tenant surrendering his tenancy so that a protected tenancy would be granted to the person who had paid the premium, was a requirement that the person pay the premium in order to be granted the protected tenancy under Rent Act 1977 s 119(1) . The requirement was therefore illegal and the payment could be recovered by the payer.
650 _aPROPERTY-RESIDENTIAL PROPERTY-RESIDENTIAL LANDLORD AND TENANT-RESIDENTIAL TENANCIES
690 _aLandlord and tenant
_96252
942 _n0
948 _c04/03/1997
999 _c42771
_d42771